000 00602cam a2200193 4500
001 ABS60886
008 000000n1999 000 0 eng u
035 _a(Sirsi) u101406
100 _aHewes, M.
245 4 _aThe Building top 50.
260 _c1999
490 _aBuilding
_v264(8098) 23 July 1999, 43-48(6)
520 _aSurvey of the top 50 contractors and housebuilders. Tables of rankings by turnover, pre-tax profit, operating margins and employees average pay.
650 _aCONTRACTORS
650 _aHOUSE BUILDERS
690 _aBUILT ENVIRONMENT
700 _aWhite, D.
942 _n0
999 _c60550
_d60550